00689cam a22002171 4500001001300000003000400013005001700017008004100034010001700075035001900092040001700111042001200128050001600140100004800156245005600204260006300260300003600323410006800359650002700427999001700454gs 08000326 DLC20260227111308.0750616s1908 xx 000 0 eng  ags 08000326  a(OCoLC)1394302 aDLCcOTdDLC apremarc00aSB435b.A821 aAshe, W. W.q(William Willard),d1872-1932.10aShade trees for North Carolina /cby W. W. Ashe ... aRaleigh :bE. M. Uzell, state printers and binders,c1908. a 74 p. :bill., x pl. ;c26 cm.20aNorth Carolina Geological and Economic Survey.vBulletin no. 16 0aTreeszNorth Carolina. c24752d24752